000 00678nam a2200241 4500
003 OSt
005 20240613023154.0
006 a
008 240613b |||||||| |||| 00| 0 eng d
020 _a971086761
040 _aDWCL-Main lib.
_cOC
082 _aFil. 128 N117p 2007
100 _aNabor-Nery, Maria Imelda
245 _aPhilosophy of man /
260 _aMandaluyong City, Phils. :
_bNational Book Store,
_cc2007.
300 _b330 p. ;
_c23 cm.
504 _aIncludes references.
650 _a1. Human being.
650 _a2. History– philosophy.
650 _a3. Education philosophy.
700 _aMaria Imelda Nabor-Nery
942 _2ddc
_n0
_cBK - FIL
_kFil.
999 _c599
_d599